| 000 | 00906nam a2200205Ii 4500 | ||
|---|---|---|---|
| 003 | JO-AjNU | ||
| 008 | 230605s9999||||xx |||||||||||||| ||und|| | ||
| 040 |
_aJO-AjNU _bara _erda _cJO-AjNU |
||
| 041 | _aara | ||
| 050 | 1 | 4 | _aHD72 .T256 2002 |
| 100 | 3 |
_aالمكتب الاقليمي للدول العربية برنامج الامم المتحدة الانمائي, _eauthor _950577 |
|
| 245 | 0 | 0 | _aتقرير التنمية الانسانية العربية للعام 2002 : خلق فرص للاجيال القادمة |
| 250 | _aط3 | ||
| 264 | 3 | 1 | _aعمان: دار الشروق، 2002 |
| 300 |
_a134ص _bيحتوي على مرفق احصائي |
||
| 336 |
_atext _btxt _2rdacontent |
||
| 337 |
_aunmediated _bn _2rdamedia |
||
| 338 |
_avolume _bnc _2rdacarrier |
||
| 650 | 4 |
_aالبلاد العربية - سياسة اقتصادية -سياسة اجتماعية - احوال اجتماعية _950578 |
|
| 999 |
_aA22288 _c25856 _d25856 |
||